000
00306nam a22001097a 4500
008
230621b xxu||||| |||| 00| 0 eng d
082
_a
325.35
_b
IPU 1982
245
_a
Bulletin Interparlementaire
260
_a
Geneva
_b
Official Organ of the Inter-Parliamentary Union
_c
1982
300
_a
124p
942
_2
ddc
_c
BK
999
_c
2195
_d
2195